sabrina carpenter first lines - Statistics

General Stats
  • This quiz has been taken 345 times
  • The average score is 7 of 15
Answer Stats
Hint Answer % Correct
Somewhere in the world there is a father and a mother thumbs
90%
Here I am again, the same old situation cant blame a girl for trying
72%
Everybody loves to tell me I was born an old soul eyes wide open
66%
our love is running into a burning building smoke and fire
57%
We are young, we are gold we'll be the stars
54%
Your eyes crashin' into my eyes on purpose
52%
We all got nightmares in our dreams shadows
48%
Good morning, you're leaving seamless
42%
Big lights too young
42%
I don't want to buy what they're selling these days run and hide
38%
It's a narrow line I'm walkin two young hearts
34%
You are the voice inside my mind dont want it back
31%
Sometimes life gets bitter your loves like
30%
This might be wrong, but he's all I know darling im a mess
27%
You're not asking for much but It just seems like a lot feels like love
1%
No matching quizzes found
Score Distribution
Percent of People with Each Score
Percentile by Number Answered
Your Score History
You have not taken this quiz